EFEKTÍVNY ALGORITMUS VÝPOČTU DISKRÉTNEJ HARTLEYHO TRANSFORMÁCIE

Bibliographic Details
Main Authors: Áč, Marián (Author), Chmúrny, Ján, 1923-2009 (Author)
Format: Article
Language:Slovak

MARC

LEADER 00000nab a2200000 a 4500
001 vtls011133262
003 SK-MaSNL
005 20260303150943.0
008 230222|1995 xo |||||||||||||||||slo|
015 |a SNBRB 
035 |a (uuid)c89bc504-104d-433d-9027-b6d1a9fa87b9 
035 |a (urnnbn)urn:nbn:sk:snk:ar-a09ngg 
035 |a urn:nbn:sk:snk-abab0i 
040 |a SNKBUCL  |b slo  |c SNKBUCL  |e AACR2 
041 0 |a slo 
044 |a xo  |c SK 
100 1 |a Áč, Marián  |4 aut  |9 785172 
245 1 0 |a EFEKTÍVNY ALGORITMUS VÝPOČTU DISKRÉTNEJ HARTLEYHO TRANSFORMÁCIE  |c Marián Áč, Ján Chmúrny 
700 1 |a Chmúrny, Ján,  |d 1923-2009  |4 aut  |9 13779 
773 0 |t Zborník Vojenskej akadémie Slovenského národného povstania  |g Roč. 2, č. 3 (1995), s. 140-148 
954 |a odborná, vedecká literatúra pôvodná (slovenská)  |2 lita 
958 |a OND 
958 |a EUIPO 
958 |a article13 
999 |c 2014809  |d 2016739